000 00813nac a22002531i 4500
003 EG-ScBUE
005 20250616123856.0
008 250616t2003 ii f 001 0 eng d
020 _a8122415024
040 _aEG-ScBUE
_beng
_erda
_cEG-ScBUE
_dEG-ScBUE
082 0 4 _a536.2
_bSRI
_222
100 1 _aSrinivasan, D.,
_eauthor.
245 1 0 _aPrinciples of heat transfer /
_cD. Srinivasan, formerly professor, Anna University.
264 1 _aNew Delhi :
_bNew Age International Pvt. Ltd.,
_c[2003]
264 4 _cc2003
300 _a548 pages :
_billustrations ;
_c23 cm
336 _2rdacontent
_atext
_btxt
337 _aunmediated
_2rdamedia
_bn
338 _avolume
_bnc
_2rdacarrier
500 _aIncludes index.
650 7 _aHeat
_xTransmission.
_2BUEsh
655 _vReading book
942 _cBB
_2ddc
999 _c928
_d928